Organic Farming and Vermiculture (Record no. 341731)

MARC details
000 -LEADER
fixed length control field 00309nam a22001217a 4500
020 ## - INTERNATIONAL STANDARD BOOK NUMBER
International Standard Book Number 9788189972844
082 ## - DEWEY DECIMAL CLASSIFICATION NUMBER
Classification number 631.584
Item number PAT/OR
100 ## - MAIN ENTRY--PERSONAL NAME
Personal name Patro,Lingaraj
9 (RLIN) 976
245 ## - TITLE STATEMENT
Title Organic Farming and Vermiculture
260 ## - PUBLICATION, DISTRIBUTION, ETC. (IMPRINT)
Place of publication, distribution, etc. Delhi
Name of publisher, distributor, etc. Mangalam Publishers and Distributors
Date of publication, distribution, etc. 2013
300 ## - PHYSICAL DESCRIPTION
Extent 349
942 ## - ADDED ENTRY ELEMENTS (KOHA)
Koha item type Books (General)
Holdings
Withdrawn status Lost status Damaged status Not for loan Collection code Home library Current library Shelving location Date acquired Source of acquisition Cost, normal purchase price Total Checkouts Full call number Barcode Date last seen Price effective from Koha item type
          Kelappaji College of Agricultural Engineering & Technology Library, Tavanur Kelappaji College of Agricultural Engineering & Technology Library, Tavanur   16/07/2016 Ganesh Book Centre, Trivandrum 1250.00   631.584 PAT/OR KAU_KCAEFT-24600 16/07/2016 16/07/2016 Books (General)
Kerala Agricultural University Central Library
Thrissur-(Dt.), Kerala Pin:- 680656, India
Ph : (+91)(487) 2372219
E-mail: librarian@kau.in
Website: http://library.kau.in/